Fight club / (Record no. 5095)
[ view plain ]
| 000 -LEADER | |
|---|---|
| fixed length control field | 00714nam a2200169 4500 |
| 003 - CONTROL NUMBER IDENTIFIER | |
| control field | IeDuTC |
| 005 - DATE AND TIME OF LATEST TRANSACTION | |
| control field | 20181127180744.0 |
| 020 ## - INTERNATIONAL STANDARD BOOK NUMBER | |
| International Standard Book Number | 9780099765219 |
| Terms of availability | |
| 100 1# - MAIN ENTRY--PERSONAL NAME | |
| Personal name | Palahniuk, Chuck. |
| 245 10 - TITLE STATEMENT | |
| Title | Fight club / |
| Statement of responsibility, etc. | Chuck Palahniuk. |
| 260 ## - PUBLICATION, DISTRIBUTION, ETC. | |
| Place of publication, distribution, etc. | London : |
| Name of publisher, distributor, etc. | Vintage, |
| Date of publication, distribution, etc. | c1997, 2005. |
| 300 ## - PHYSICAL DESCRIPTION | |
| Extent | 224p. |
| 520 ## - SUMMARY, ETC. | |
| Summary, etc. | The story of a young man who discovers that his rage at living in a world filled with failure and lies cannot be pacified by an empty consumer culture. Relief for him and his disenfranchised peers comes in the form of secret after-hours boxing matches held in the basements of bars. |
| 650 ## - SUBJECT ADDED ENTRY--TOPICAL TERM | |
| Topical term or geographic name entry element | Millennialism -- Fiction. |
| Form subdivision | |
| General subdivision | |
| Chronological subdivision | |
| Geographic subdivision | |
| Source of heading or term | |
| Topical term or geographic name entry element | Aggressiveness |
| General subdivision | Fiction. |
| Topical term or geographic name entry element | Boxing |
| General subdivision | Fiction. |
| Withdrawn status | Lost status | Source of classification or shelving scheme | Damaged status | Not for loan | Collection code | Home library | Current library | Shelving location | Date acquired | Serial Enumeration / chronology | Inventory number | Total Checkouts | Full call number | Barcode | Date last seen | Date last checked out | Price effective from | Koha item type |
|---|---|---|---|---|---|---|---|---|---|---|---|---|---|---|---|---|---|---|
| Dewey Decimal Classification | Fiction | RTC Library | RTC Library | Fiction | 19/02/2022 | 9549 | 3 | FIC 813.54 PAL | 30008190 | 29/11/2022 | 08/11/2022 | 27/11/2018 | Fiction |